TB. OF SURGERY FOR DENTAL STUDENTS (Record no. 1446)

MARC details
000 -LEADER
fixed length control field 00345nam a2200145Ia 4500
008 - FIXED-LENGTH DATA ELEMENTS--GENERAL INFORMATION
fixed length control field 150201s2012 xx 000 0 und d
082 ## - DEWEY DECIMAL CLASSIFICATION NUMBER
Classification number 617
Item number S12M
100 ## - MAIN ENTRY--PERSONAL NAME
Personal name MARWAH , SANJAY
245 ## - TITLE STATEMENT
Title TB. OF SURGERY FOR DENTAL STUDENTS
250 ## - EDITION STATEMENT
Edition statement 1ST
260 ## - PUBLICATION, DISTRIBUTION, ETC. (IMPRINT)
Name of publisher, distributor, etc. JAYPEE
Place of publication, distribution, etc. INDIA
Date of publication, distribution, etc. 2012
300 ## - PHYSICAL DESCRIPTION
Extent 1-385
650 ## - SUBJECT ADDED ENTRY--TOPICAL TERM
Topical term or geographic name as entry element SURGERY
942 ## - ADDED ENTRY ELEMENTS (KOHA)
Source of classification or shelving scheme Dewey Decimal Classification
Koha item type Books
Koha issues (borrowed), all copies 43
Holdings
Withdrawn status Lost status Source of classification or shelving scheme Damaged status Not for loan Collection code Home library Current library Shelving location Date acquired Source of acquisition Cost, normal purchase price SGTU Bill Number Total Checkouts Total Renewals Full call number Barcode Date last seen Date last checked out Bill Date Koha item type
    Dewey Decimal Classification     MEDICAL SGT Medical Library SGT Medical Library Text Book 24/01/2013 ABC DELHI 550.00 SGTU 3109 28 1 617 S12M FM5239 16/12/2025 15/12/2025 05/02/2013 Books
    Dewey Decimal Classification     MEDICAL SGT Medical Library SGT Medical Library Text Book 24/01/2013 ABC DELHI 550.00 SGTU 3109 26   617 S12M FM5240 18/03/2025 05/03/2025 05/02/2013 Books
    Dewey Decimal Classification     MEDICAL SGT Medical Library SGT Medical Library Text Book 24/01/2013 ABC DELHI 550.00 SGTU 3109 24   617 S12M FM5241 20/05/2025 06/05/2025 05/02/2013 Books
    Dewey Decimal Classification     MEDICAL SGT Medical Library SGT Medical Library Text Book 19/02/2013 ABC DELHI 550.00 SGTU 3173 24 1 617 S10M FM5272 16/12/2025 15/12/2025 20/02/2013 Books
    Dewey Decimal Classification     MEDICAL SGT Medical Library SGT Medical Library Text Book 19/02/2013 ABC DELHI 550.00 SGTU 3173     617 S10M FM5273 09/02/2015   20/02/2013 Books